Taller para padres excelentes: fecundación embarazo y parto (Registro nro. 1332)
[ vista simple ]
| 000 -CABECERA | |
|---|---|
| campo de control de longitud fija | 00875aam a2200325 4500 |
| 005 - FECHA Y HORA DE ACTUALIZACIÓN | |
| campo de control | 20161006161634.0 |
| 008 - LONGITUD FIJA | |
| campo de control de longitud fija | 150612b xxu||||| |||| 00| 0 spa d |
| 041 ## - IDIOMA | |
| Código de idioma del texto/pista de sonido o título separado | |
| 082 ## - CLASIFICACIÓN DECIMAL DEWEY | |
| Número de clasificación | 155.646 S212t |
| 100 ## - AUTOR PERSONAL | |
| Nombre de persona | Sánchez Ocana, Ramón |
| 100 ## - AUTOR PERSONAL | |
| Nombre de persona | Calera, Ana María |
| 245 ## - TÍTULO PROPIAMENTE DICHO | |
| Título | Taller para padres excelentes: fecundación embarazo y parto |
| 260 ## - PIE DE IMPRENTA | |
| Lugar de publicación, distribución, etc. | Colombia |
| 260 ## - PIE DE IMPRENTA | |
| Nombre del editor, distribuidor, etc. | Zamora |
| 260 ## - PIE DE IMPRENTA | |
| Fecha de publicación, distribución, etc. | 2002 |
| 300 ## - DESCRIPCIÓN FÍSICA | |
| Extensión | 334 páginas |
| 500 ## - NOTA GENERAL | |
| Nota general | VOLUMEN 1 |
| 650 ## - Materia General | |
| Materia general | PADRES |
| 650 ## - Materia General | |
| Materia general | FAMILIA |
| 650 ## - Materia General | |
| Materia general | FECUNDACIÓN |
| 650 ## - Materia General | |
| Materia general | EMBARAZO |
| 650 ## - Materia General | |
| Materia general | FETO |
| 650 ## - Materia General | |
| Materia general | MÉTODOS ANTICONCEPTIVOS |
| 650 ## - Materia General | |
| Materia general | ABORTO |
| 650 ## - Materia General | |
| Materia general | PARTO |
| 650 ## - Materia General | |
| Materia general | NACIMIENTO |
| 650 ## - Materia General | |
| Materia general | NIÑOS PREMATUROS |
| 650 ## - Materia General | |
| Materia general | MENSTRUACIÓN |
| 942 ## - Punto de Acceso Adicional Koha | |
| Tipo de ítem Koha | Libro |
| Estado perdido | Estado dañado | No para préstamo | Biblioteca permanente | Biblioteca actual | Signatura completa | Código de barras | Precio efectivo a partir del | Tipo de ítem |
|---|---|---|---|---|---|---|---|---|
| Departamento de Biblioteca y Documentación Alfonso Chase Brenes | Departamento de Biblioteca y Documentación Alfonso Chase Brenes | 155.646 S212t | 10348 | 06/10/2016 | Libro |